Albert Camus : (Record no. 89594)

MARC details
000 -LEADER
campo de control de longitud fija 03510cam a2200373 a 4500
001 - NÚMERO DE CONTROL
campo de control 115437
005 - FECHA Y HORA DE LA ÚLTIMA TRANSACCIÓN
campo de control 20230410132903.0
008 - DATOS DE LONGITUD FIJA--INFORMACIÓN GENERAL
campo de control de longitud fija 970219s1997 nyua 001 0beng
035 ## - NÚMERO DE CONTROL DEL SISTEMA
-- (DLC) 97002991
035 ## - NÚMERO DE CONTROL DEL SISTEMA
Número de control de sistema 2596080
010 ## - NÚMERO DE CONTROL DE LA BIBLIOTECA DEL CONGRESO
Número de control de LC 97002991
020 ## - NÚMERO INTERNACIONAL ESTÁNDAR DEL LIBRO
Número Internacional Estándar del Libro 0679428550 (hardcover)
040 ## - FUENTE DE CATALOGACIÓN
Centro catalogador/agencia de origen DLC
Centro/agencia transcriptor DLC
Centro/agencia modificador DLC
041 1# - CÓDIGO DE IDIOMA
Código de lengua del texto/banda sonora o título independiente eng
Código de lengua original fre
043 ## - CÓDIGO DE ÁREA GEOGRÁFICA
Código de área geográfica e-fr---
050 14 - SIGNATURA TOPOGRÁFICA DE LA BIBLIOTECA DEL CONGRESO
Número de clasificación B PQ 2605
Número de ítem T635a 1997
082 00 - NÚMERO DE LA CLASIFICACIÓN DECIMAL DEWEY
Número de clasificación 848
100 1# - ENTRADA PRINCIPAL--NOMBRE DE PERSONA
Nombre de persona Todd, Olivier.
240 10 - TÍTULO UNIFORME
Título uniforme Albert Camus.
Lenguaje de la obra English
245 10 - MENCIÓN DEL TÍTULO
Título Albert Camus :
Resto del título a life /
Mención de responsabilidad, etc. Olivier Todd ; translated by Benjamin Ivry.
260 ## - PUBLICACIÓN, DISTRIBUCIÓN, ETC.
Lugar de publicación, distribución, etc. New York :
Nombre del editor, distribuidor, etc. Alfred A. Knopf,
Fecha de publicación, distribución, etc. 1997.
300 ## - DESCRIPCIÓN FÍSICA
Extensión x, 434 p. :
Otras características físicas ill. ;
Dimensiones 24 cm.
500 ## - NOTA GENERAL
Nota general An abridged and edited English version.
500 ## - NOTA GENERAL
Nota general Includes index.
505 ## - NOTA DE CONTENIDO CON FORMATO
Nota de contenido con formato Matriculation number 17.032 -- "Mosquito, you've been accepted." -- Silence and words -- Metaphysics and politics -- White socks -- "Little bits of soul" -- The temptation to action -- Heroism and "a load of crap" -- Saint Augustine without Marx -- The letter from Salzburg -- Banned playwright -- The "political agitator" -- Intellectual worker -- An older brother -- Battles -- The reading room -- Persistent hopes for peace -- A beach at Bouisseville -- Exile -- Exodus -- Stopover at Oran -- An important thing -- Which absurdity? -- Short of breath -- Man's prejudices -- Resistances -- 180,000 copies -- Combats -- The Ramberts -- The island with three rivers -- The terror -- Bitterness -- Dear Comrade -- The unique one -- Three friends -- Forty grams of streptomycin -- 5 rue Sébastien-Bottin, facing the garden -- On the courtyard side -- Rebellions -- In a glass bowl -- November 1, 1954 -- "Algeria is not France" -- The prisoner's shout -- A black-hearted anemone -- The ways of silence -- The prize to pay -- Algerian griefs -- I don't know how to repeat myself -- Grand'rue de L'Eglise -- Conclusion.
520 ## - RESUMEN, ETC.
Sumario, etc. This volume is a biography of French Algerian author, philosopher, and journalist Albert Camus (1913-1960). Camus won the Nobel Prize for Literature in 1957. He was a key philosopher of the 20th-century and his most famous work is the novel L'Étranger (The Stranger). This work is the study of a man caught in conflicts between family loyalties and his own passionate nature, between the call to political action and devotion to his art, between his support of the native Algerians and his identification with the forgotten poor whites. Exploring Camus's impoverished childhood in the Algerian city of Belcourt, his underground activities during the Occupation in Paris, the intrigues of the French literati who embraced him after the publication of his first novel, L'Étranger, the author uncovers the solitary private man behind the mask of his celebrity. He shows us a writer isolated by his own success, crippled by the charms of women he could not resist, debilitated by the tuberculosis that did not kill him. The auto accident that did adds only to the ironies in the life of this international giant of twentieth-century literature.
600 10 - PUNTO DE ACCESO ADICIONAL DE MATERIA--NOMBRE DE PERSONA
Nombre de persona Camus, Albert,
Fechas asociadas al nombre 1913-1960.
650 #0 - PUNTO DE ACCESO ADICIONAL DE MATERIA--TÉRMINO DE MATERIA
Término de materia o nombre geográfico como elemento de entrada Authors, French
Subdivisión cronológica 20th century
Subdivisión general Biography.
650 #4 - PUNTO DE ACCESO ADICIONAL DE MATERIA--TÉRMINO DE MATERIA
Término de materia o nombre geográfico como elemento de entrada Autores, Francia
Subdivisión cronológica Siglo 20
Subdivisión general Biografía.
856 42 - LOCALIZACIÓN Y ACCESO ELECTRÓNICOS
Materiales especificados Contributor biographical information
Identificador Uniforme de Recursos <a href="http://www.loc.gov/catdir/bios/random057/97002991.html">http://www.loc.gov/catdir/bios/random057/97002991.html</a>
856 42 - LOCALIZACIÓN Y ACCESO ELECTRÓNICOS
Materiales especificados Publisher description
Identificador Uniforme de Recursos <a href="http://www.loc.gov/catdir/description/random049/97002991.html">http://www.loc.gov/catdir/description/random049/97002991.html</a>
942 ## - ELEMENTOS DE ENTRADA SECUNDARIOS (KOHA)
Fuente del sistema de clasificación o colocación Clasificación de Library of Congress
Tipo de ítem Koha
946 ## - PROCESAMIENTO DE INFORMACIÓN LOCAL (OCLC)
a dpf
Holdings
Estatus retirado Estado de pérdida Fuente del sistema de clasificación o colocación Estado de daño No para préstamo Colección Biblioteca de origen Biblioteca actual Ubicación en estantería Fecha de adquisición Serial enumeration / chronology Signatura topográfica completa Código de barras Visto por última vez Copia número Tipo de ítem Koha
    Clasificación de Library of Congress     Recursos Regionales Biblioteca Juan Bosch Biblioteca Juan Bosch Recursos Regionales (2do. Piso) 10/04/2023 1 B PQ 2605 T635a 1997 00000103128 17/11/2018 1